| 000 | 00560nam a2200205Ia 4500 | ||
|---|---|---|---|
| 003 | OSt | ||
| 005 | 20220622150602.0 | ||
| 008 | 210716s2009 xx 000 0 und d | ||
| 020 | _a9788120350823 | ||
| 040 | _cAIMIT LIBRARY | ||
| 041 | _aeng | ||
| 082 | _a005.82 PACV | ||
| 100 |
_aPachghare, V K. _944515 |
||
| 245 | _aCryptography and information security. | ||
| 250 | _a2 | ||
| 260 |
_aNew Delhi _bPHI Learning Pvt Ltd _c2009 |
||
| 300 | _axix,395/2015 | ||
| 650 |
_aCryptography-Data encryption(005.82) _944516 |
||
| 942 |
_2ddc _cBK _e2nd _k005.82 PACV |
||
| 999 |
_c194629 _d194629 |
||